Complex multiplication of abelian varieties : and its applications to number theory /
Guardado en:
| Autor Principal: | |
|---|---|
| Otros Autores: | |
| Formato: | Libro |
| Idioma: | English |
| Publicado: |
[Tokyo] :
The Mathematical Society of Japan,
1961.
|
| Series: | Publications of the Mathematical Society of Japan ;
6 |
| Etiquetas: |
Agregar Etiqueta
Sin Etiquetas, Sea el primero en etiquetar este registro!
|
| LEADER | 00640nam a22001695a 4500 | ||
|---|---|---|---|
| 001 | MAT.inmabb001062 | ||
| 008 | 031120s1961####ja############000#0#eng#d | ||
| 005 | 20170808172620.0 | ||
| 245 | 1 | 0 | |a Complex multiplication of abelian varieties : |b and its applications to number theory / |c by Goro Shimura and Yutaka Taniyama. |
| 260 | |a [Tokyo] : |b The Mathematical Society of Japan, |c 1961. | ||
| 300 | |a xi, 159 p. ; |c 21 cm. | ||
| 440 | 0 | |a Publications of the Mathematical Society of Japan ; |v 6 | |
| 510 | 4 | |a MR, |c 23 #A2419 | |
| 100 | 1 | |a Shimura, Goro. | |
| 700 | 1 | |a Taniyama, Yutaka. | |
| 084 | |a 14K22 (11G15) |2 msc2000 | ||
| 859 | |h 14 |i Sh556 |p A-996 |b BIB. MATEMATICA | ||
